Moderna enciclopedia femenina / (Record no. 52030)

MARC details
000 -LEADER
campo de control de longitud fija 00906nam a2200253 i 4500
001 - NÚMERO DE CONTROL
campo de control 52030
003 - IDENTIFICADOR DE NÚMERO DE CONTROL
campo de control ES-MaACL
005 - FECHA Y HORA DE LA ÚLTIMA TRANSACCIÓN
campo de control 20250712031710.0
007 - CAMPO FIJO DE DESCRIPCIÓN FÍSICA--INFORMACIÓN GENERAL
campo de control de longitud fija t|
008 - DATOS DE LONGITUD FIJA--INFORMACIÓN GENERAL
campo de control de longitud fija 030822s1968 sp ||||1| spa d
100 1# - ENTRADA PRINCIPAL--NOMBRE DE PERSONA
Nombre de persona Chirone, Vanna.
9 (RLIN) 38557
245 10 - MENCIÓN DEL TÍTULO
Título Moderna enciclopedia femenina /
Mención de responsabilidad, etc. bajo la dirección de Vanna Chirone ; [traducción Fernando Gutiérrez].
250 ## - MENCION DE EDICION
Mención de edición [10ª ed.].
260 ## - PUBLICACIÓN, DISTRIBUCIÓN, ETC.
Lugar de publicación, distribución, etc. [Barcelona] :
Nombre del editor, distribuidor, etc. Miracle,
Fecha de publicación, distribución, etc. [1968]
300 ## - DESCRIPCIÓN FÍSICA
Extensión 5 v., 104 lám. ;
Dimensiones 25 cm.
500 ## - NOTA GENERAL
Nota general El V. 5: La cocina, por Mapie de Tolouse-Lautrec ; versión Mercedes Trías Beristain.
650 #4 - PUNTO DE ACCESO ADICIONAL DE MATERIA--TÉRMINO DE MATERIA
Término de materia o nombre geográfico como elemento de entrada Enciclopedias femeninas.
9 (RLIN) 170691
650 #4 - PUNTO DE ACCESO ADICIONAL DE MATERIA--TÉRMINO DE MATERIA
Término de materia o nombre geográfico como elemento de entrada Cocina-
Subdivisión de forma Recetas.
9 (RLIN) 11127
700 1# - ENTRADA AGREGADA--NOMBRE PERSONAL
Nombre de persona Gutiérrez, Fernando,
Fechas asociadas al nombre 1911-1984
9 (RLIN) 156260
700 1# - ENTRADA AGREGADA--NOMBRE PERSONAL
Nombre de persona Tolouse-Lautrec, Mapie de.
9 (RLIN) 110486
700 1# - ENTRADA AGREGADA--NOMBRE PERSONAL
Nombre de persona Trías Beristaín, Mercedes.
9 (RLIN) 111372
852 ## - LOCALIZACIÓN
Ubicación ES-MaACL
Número de control de estantería C-42280-84
Sublocalización o colección R.67940
Holdings
Estatus retirado Estado de pérdida Estado de daño No para préstamo Colección Biblioteca de origen Biblioteca actual Ubicación en estantería Fecha de adquisición Fuente de adquisición Total de préstamos Signatura topográfica completa Código de barras Visto por última vez Precio de reemplazo Tipo de ítem Koha
        Colección de referencia Biblioteca del Ateneo de Madrid Biblioteca del Ateneo de Madrid Depósito 2 17/01/2008     C-42280-84 1054704 23/02/2023 23/02/2023 Libro impreso